Memorie di un rivoluzionario dal 1901 al 1941 / (Record no. 105736)

MARC details
000 -LEADER
campo de control de longitud fija 00857nam a2200277 i 4500
001 - NÚMERO DE CONTROL
campo de control 105736
003 - IDENTIFICADOR DE NÚMERO DE CONTROL
campo de control ES-MaACL
007 - CAMPO FIJO DE DESCRIPCIÓN FÍSICA--INFORMACIÓN GENERAL
campo de control de longitud fija t|
008 - DATOS DE LONGITUD FIJA--INFORMACIÓN GENERAL
campo de control de longitud fija 060814s1956 it ||||1| ita d
080 ## - NÚMERO DE LA CLASIFICACIÓN DECIMAL UNIVERSAL
Número de la Clasificación Decimal Universal 929 Serge, Victor
080 ## - NÚMERO DE LA CLASIFICACIÓN DECIMAL UNIVERSAL
Número de la Clasificación Decimal Universal 32(47)"1925/53"
080 ## - NÚMERO DE LA CLASIFICACIÓN DECIMAL UNIVERSAL
Número de la Clasificación Decimal Universal 94(47+57)"1922/36"
100 1# - ENTRADA PRINCIPAL--NOMBRE DE PERSONA
Nombre de persona Serge, Victor.
9 (RLIN) 105542
245 10 - MENCIÓN DEL TÍTULO
Título Memorie di un rivoluzionario dal 1901 al 1941 /
Mención de responsabilidad, etc. Victor Serge.
250 ## - MENCION DE EDICION
Mención de edición 1ª ed.
260 ## - PUBLICACIÓN, DISTRIBUCIÓN, ETC.
Lugar de publicación, distribución, etc. Firenze :
Nombre del editor, distribuidor, etc. De Silva,
Fecha de publicación, distribución, etc. 1956.
300 ## - DESCRIPCIÓN FÍSICA
Extensión XV, 583 p. ;
Dimensiones 20 cm.
490 1# - MENCIÓN DE SERIE
Mención de serie Biblioteca Leone Ginzburg ;
Designación de volumen o secuencia 12
500 ## - NOTA GENERAL
Nota general Biblioteca Juan Andrade.
600 14 - PUNTO DE ACCESO ADICIONAL DE MATERIA--NOMBRE DE PERSONA
Nombre de persona Serge, Victor.
9 (RLIN) 105542
651 #4 - PUNTO DE ACCESO ADICIONAL DE MATERIA--NOMBRE GEOGRÁFICO
Nombre geográfico URSS-
Subdivisión general Historia-
Subdivisión cronológica 1925-1953.
9 (RLIN) 9472
651 #4 - PUNTO DE ACCESO ADICIONAL DE MATERIA--NOMBRE GEOGRÁFICO
Nombre geográfico URSS-
Subdivisión general Historia-
Subdivisión cronológica 1922-1936.
9 (RLIN) 9471
830 0# - PUNTO DE ACCESO ADICIONAL DE SERIE-TÍTULO UNIFORME
Título uniforme Biblioteca Leone Ginzburg ;
Designación de volumen o secuencia 12
9 (RLIN) 232768
852 ## - LOCALIZACIÓN
Ubicación ES-MaACL
Número de control de estantería AND-569
Sublocalización o colección R.109868
Holdings
Estatus retirado Estado de pérdida Estado de daño No para préstamo Biblioteca de origen Biblioteca actual Ubicación en estantería Fecha de adquisición Fuente de adquisición Total de préstamos Signatura topográfica completa Código de barras Visto por última vez Precio de reemplazo Tipo de ítem Koha
        Biblioteca del Ateneo de Madrid Biblioteca del Ateneo de Madrid Depósito 2 17/01/2008     AND-569 1110393 23/02/2023 23/02/2023 Libro impreso